Capitals of Countries With More Than One Word - Statistics

General Stats
  • This quiz has been taken 42 times
  • The average score is 20 of 38
Answer Stats
Continent Capital % Correct
Africa Bloemfontein | Cape Town | Pretoria
85%
North America San Salvador
74%
Africa São Tomé
74%
North America Washington D.C.
74%
Oceania Port Moresby
71%
North America Port-of-Spain
71%
North America Saint John's
68%
Europe San Marino
68%
Asia Abu Dhabi
65%
Asia Pyongyang
65%
North America Santo Domingo
65%
Asia Seoul
65%
Oceania Wellington
65%
Europe Sarajevo
62%
Europe Vatican City
62%
Africa Brazzaville
59%
Africa Kinshasa
59%
Europe London
59%
North America San José
59%
Europe Skopje
53%
Africa Bissau
50%
North America Castries
50%
North America Basseterre
47%
Africa Praia
47%
Asia Sri Jayawardenepura Kotte
47%
Asia Riyadh
44%
Africa Bangui
41%
Africa Juba
41%
Asia Dili
38%
Africa Freetown
38%
Oceania Majuro
38%
Africa Ouagadougou
38%
Europe Prague
38%
Oceania Honiara
35%
North America Kingstown
35%
Oceania Palikir
35%
Africa Yamoussoukro
35%
Africa Malabo
26%
No matching quizzes found
Score Distribution
Percent of People with Each Score
Percentile by Number Answered
Your Score History
You have not taken this quiz